Freeing China's farmers : rural restructuring in the reform era

Αποθηκεύτηκε σε:
Λεπτομέρειες βιβλιογραφικής εγγραφής
Κύριος συγγραφέας: Zweig, David
Μορφή: Βιβλίο
Γλώσσα:English
Δημοσίευση: Armonk : M.E. Sharpe, c1997.
Σειρά:Socialism and social movements
Θέματα:
Ετικέτες: Προσθήκη ετικέτας
Δεν υπάρχουν, Καταχωρήστε ετικέτα πρώτοι!

MARC

LEADER 00000cam a2200000 i 4500
001 1/997
008 000417s1997 nyu| ||| |||| ||eng||
020 |a 1563248387 
035 |l 10059858 
040 |a GR-MyUa  |b gre  |e AACR2 
041 0 |a eng 
082 7 |a 307.720951   |2 (22) 
100 1 |a Zweig, David. 
245 1 0 |a Freeing China's farmers :   |b rural restructuring in the reform era /   |c David Zweig. 
260 |a Armonk :   |b M.E. Sharpe,   |c c1997. 
300 |a 365 σ. ;   |c 24 εκ. 
490 1 |a (Socialism and social movements) 
500 |a "An East Gate book". 
504 |a Περιλαμβάνει βιβλιογραφικές παραπομπές και ευρετήριο. 
650 0 0 |a Rural development  |z China. 
650 0 0 |a Land reform  |z China. 
651 0 |a China  |x Rural conditions. 
830 0 |a Socialism and social movements 
852 |a INST  |b LESVOS  |e 20000417  |h 307.720951 ZWE  |p 005100024534  |q 005100024534  |t BK  |y 0 
901 |a BIBL1-2000-1 
922 |a 1ΕΛΗ  |b 200003  |c ΚΠΣ/ΤΓ  |d LEADER 
950 |a 118-1999-09-20 
970 |a ΜΟΥΣΤΑΚΑ  |b ΠΗΝΕΛΟΠΗ  |z 2000/04/26